Využitie štatistických metód pri zlepšovaní procesov = Application of statistical methods in the process improvement : Bakalárska práca

Salvato in:
Dettagli Bibliografici
Autore principale: Sivčáková, Silvia (Autore)
Altri autori: Kučerová, Marta, 1957- (xxx)
Natura: Manoscritto Libro
Lingua:slovacco
Pubblicazione: Trnava : STU v Bratislave MtF KIK, 2006
Soggetti:
Tags: Aggiungi Tag
Nessun Tag, puoi essere il primo ad aggiungerne!!

MARC

LEADER 00000ntm a22000003a 4500
001 stu132729
005 20160719155614.2
008 061218s2006----xo------------------slo-d
040 |a STU  |b slo 
041 0 |a slo 
044 |a xo 
100 1 |a Sivčáková, Silvia  |4 aut 
245 1 |a Využitie štatistických metód pri zlepšovaní procesov = Application of statistical methods in the process improvement :  |b Bakalárska práca 
260 |a Trnava :  |b STU v Bratislave MtF KIK,  |c 2006 
300 |a 41 s  |c 1 CD-ROM 
650 7 |a inžinierstvo kvality produkcie  |2 stusub 
700 1 |a Kučerová, Marta,  |d 1957-  |4 xxx  |u M4000  |U MTF Materiálovotechnologická fakulta  |T MTF Ústav priemyselného inžinierstva a manažmentu  |X 1489  |U M4000  |Y 84  |7 A000001489 
996 |b 284M075474  |c M*BP-2355  |l MMSKP  |s P  |a 0  |w stu132729_0001